Pennycook v Shaws (EAL) Ltd (Record no. 72737)
[ view plain ]
| 000 -LEADER | |
|---|---|
| fixed length control field | 01322cam a2200229 4500 |
| 001 - CONTROL NUMBER | |
| control field | ABS66721 |
| 008 - FIXED-LENGTH DATA ELEMENTS--GENERAL INFORMATION | |
| fixed length control field | 030523n2003 000 0 eng u |
| 035 ## - SYSTEM CONTROL NUMBER | |
| System control number | (Sirsi) u122380 |
| 245 ## - TITLE STATEMENT | |
| Title | Pennycook v Shaws (EAL) Ltd |
| 260 ## - PUBLICATION, DISTRIBUTION, ETC. | |
| Date of publication, distribution, etc. | 2003 |
| 490 ## - SERIES STATEMENT | |
| Series statement | Weekly Law Reports |
| Volume/sequential designation | [2003] 2 WLR 1265-1273(9) |
| 520 ## - SUMMARY, ETC. | |
| Summary, etc. | [2002] EWHC 2769 (Ch), 29 November 2003. Landlord (S) issued notices to tenant (P) under Landlord and Tenant Act 1954 s25 terminating tenancy of business premises. P served a positive counternotice in error indicating that he would be willing to give up possession. P sought to remedy his error by serving a negative counternotice within the statutory two-month period. County Court struck out P's application for a renewal of the tenancy on the grounds that once a positive counternotice had been served, it was binding on appeal. High Court overturned County Court ruling on the grounds that the notification requirement in s29(2) of the 1954 Act had been satisfied. Appeal allowed. |
| 590 ## - LOCAL NOTE (RLIN) | |
| Local note | ABS |
| 650 ## - SUBJECT ADDED ENTRY--TOPICAL TERM | |
| Topical term or geographic name entry element | SHAWS (EAL) LTD V PENNYCOOK |
| 650 ## - SUBJECT ADDED ENTRY--TOPICAL TERM | |
| Topical term or geographic name entry element | LANDLORD AND TENANT ACT 1954 |
| 650 ## - SUBJECT ADDED ENTRY--TOPICAL TERM | |
| Topical term or geographic name entry element | SECTION 25 NOTICES |
| 650 ## - SUBJECT ADDED ENTRY--TOPICAL TERM | |
| Topical term or geographic name entry element | COUNTERNOTICES |
| 650 ## - SUBJECT ADDED ENTRY--TOPICAL TERM | |
| Topical term or geographic name entry element | SECURITY OF TENURE |
| 650 ## - SUBJECT ADDED ENTRY--TOPICAL TERM | |
| Topical term or geographic name entry element | TERMINATION OF TENANCIES |
| 690 ## - LOCAL SUBJECT ADDED ENTRY--TOPICAL TERM (OCLC, RLIN) | |
| Topical term or geographic name as entry element | LANDLORD AND TENANT-BUSINESS TENANCIES-CASE LAW |
| 942 ## - ADDED ENTRY ELEMENTS (KOHA) | |
| Suppress in OPAC | 0 |
| Withdrawn status | Lost status | Source of classification or shelving scheme | Damaged status | Not for loan | Home library | Current library | Shelving location | Date acquired | Total Checkouts | Full call number | Barcode | Date last seen | Copy number | Price effective from | Koha item type |
|---|---|---|---|---|---|---|---|---|---|---|---|---|---|---|---|
| Dewey Decimal Classification | London | London | Journal article | 23/05/2003 | ABS66721 | 122380-1001 | 06/08/2019 | 1 | 06/08/2019 | Law report |